00814cam a22002533a 45000010005000000030006000050050017000110080041000280400015000690420007000840500007000911000035000982450090001332600029002235060030002525160020002826530031003026530034003336530046003676530028004136530050004418300028004918560041005192317PGUSA20140828083013.0000901s2000||||xxu|||||s|||||000 | eng d aPGUSAbeng adc 4aPR1 aJefferies, Richard,d1848-188714aThe Story of My Heart :bAn Autobiographyh[electronic resource] /cRichard Jefferies bProject Gutenberg,c2000 aPublic domain in the USA. aElectronic text aNatural history -- England aJefferies, Richard, 1848-1887 aNaturalists -- Great Britain -- Biography aCountry life -- England aAuthors, English -- 19th century -- Biography 0aProject Gutenbergv231740uhttp://www.gutenberg.org/ebooks/2317